000 00703nam a22001937a 4500
999 _c15192
_d15192
003 AR-CdUCM
008 190401b ||||| |||| 00| 0 spa d
040 _aMUNICIPALIDAD PROVINCIAL DEL CUSCO
_cBIBLIOTECA MUNICIPAL DEL CUSCO
082 _aPI / 372.460 /
_bO87
_24ed.
100 _aOtiniano Arciniega, Celestino
_934135
245 _aCampanita 1 :
_bAprestamiento para la lectura y escritura /
_bFichas de trabajo /
_bEducación inicial /
260 _aLima :
_bEscuela nueva,
300 _a127 páginas ;
_bIlustraciones
_c28 cm.
650 _aAprende a leer
_934125
650 _aAprende a razonar
_934137
650 _aTexto para niños (as)
_934114
942 _2ddc
_cLIBROS
945 _arum
_d2019-04-26